Renewable energy in the countryside (Record no. 115109)

MARC details
000 -LEADER
fixed length control field 00867cam a2200229 4500
001 - CONTROL NUMBER
control field L158057
008 - FIXED-LENGTH DATA ELEMENTS--GENERAL INFORMATION
fixed length control field 070111n2013 000 0 eng u
020 ## - INTERNATIONAL STANDARD BOOK NUMBER
International Standard Book Number 9780415523974
035 ## - SYSTEM CONTROL NUMBER
System control number (Sirsi) u158057
041 ## - LANGUAGE CODE
Language code of text/sound track or separate title eng
050 04 - LIBRARY OF CONGRESS CALL NUMBER
Classification number 333.72 PRA
100 ## - MAIN ENTRY--PERSONAL NAME
Personal name Prag, Peter
245 00 - TITLE STATEMENT
Title Renewable energy in the countryside
250 ## - EDITION STATEMENT
Edition statement 3rd ed.
260 ## - PUBLICATION, DISTRIBUTION, ETC.
Place of publication, distribution, etc. London
Name of publisher, distributor, etc. EG Books
Date of publication, distribution, etc. 2013
300 ## - PHYSICAL DESCRIPTION
Extent xiii,123p.
Dimensions 24cm.
520 ## - SUMMARY, ETC.
Summary, etc. Third edition contains a new chapter on biogas, up to date discussions on the implications of the Renewable Heat Initiative and new opportunities for solar energy and ground-source heat in the context of farms and country houses as well as the implications of changes in UK planning policies.
651 #4 - SUBJECT ADDED ENTRY--GEOGRAPHIC NAME
Geographic name ENGLAND AND WALES
690 ## - LOCAL SUBJECT ADDED ENTRY--TOPICAL TERM (OCLC, RLIN)
Topical term or geographic name as entry element ENVIRONMENTAL AND LAND CONSULTANCY-ENERGY-RENEWABLE ENERGY
942 ## - ADDED ENTRY ELEMENTS (KOHA)
Suppress in OPAC 0
Holdings
Withdrawn status Lost status Source of classification or shelving scheme Damaged status Not for loan Home library Current library Shelving location Date acquired Total Checkouts Full call number Barcode Date last seen Copy number Price effective from Koha item type
    Dewey Decimal Classification     London London Books 27/02/2014   333.72 30075107 06/08/2019 1 06/08/2019 Book